000 00586nam a22002177a 4500
001 00028860
005 20260423163628.0
008 260423b ag ||||| |||| 00| 0 spa d
020 _a8441309000
040 _aAR-CcCEOS
_bspa
_cAR-CcCEOS
041 _aspa
080 _a94(460)
090 _bGRU
100 1 _aGrunfeld, Frederic V.
_91109
245 _aLos reyes de EspaƱa :
_bVolumen I /
_cFrederic V. Grunfeld
264 _aBarcelona :
_bFolio,
_c1998.
300 _a84 p. ;
_c30x28 cm.
490 _vAtlas culturales del mundo
655 0 _aarte
_9138
942 _2udc
_cBK
_n0
999 _c28902
_d28902